| 000 | 00529nam a2200217Ia 4500 | ||
|---|---|---|---|
| 008 | 180523s9999 xx 000 0 und d | ||
| 020 | _a0-07-143527-1 | ||
| 050 | _aMAIN HD 57.7 | ||
| 050 | _b.S53 2004 | ||
| 100 | _aSlater, Robert. | ||
| 245 | 0 | _aJack Welch on leadership / | |
| 245 | 0 | _cRobert Slater. | |
| 260 | _aNew York : | ||
| 260 | _bMcGraw-Hill, | ||
| 260 | _c2004 | ||
| 300 | _a154 pages : | ||
| 300 | _c22 cm. | ||
| 500 | _aIncludes index. | ||
| 650 | _aLeadership. | ||
| 650 | _xIndustrial management. | ||
| 999 |
_c356899 _d356899 |
||